| 000 | 00490cam a2200193ua 4500 | ||
|---|---|---|---|
| 001 | 7222 | ||
| 008 | 141204n ii |||gr||||Z||||||eng | ||
| 020 | _a97881744+8956 | ||
| 040 | _cMAIN | ||
| 041 | _aeng | ||
| 082 | _a658 | ||
| 100 |
_aRao, V. S.P., _eAuthor. |
||
| 245 |
_aHuman resource management : _bText and cases / _cBy V. S.P. Rao . |
||
| 250 | _a3rd rev. | ||
| 260 |
_aNew Delhi: _bExcal, _c2013. |
||
| 300 | _axxiii,835p. | ||
| 653 | _aHuman resource management | ||
| 942 | _cBK | ||
| 999 |
_c6347 _d6347 |
||